قواعد النظام الديموقراطية: (Record no. 5614)
[ view plain ]
| 000 -الفاتح | |
|---|---|
| حقل البيانات ثابتة الطول | 00767nac a22001691u 4500 |
| 008 - عناصر البيانات ثابتة الطول - معلومات عامة | |
| حقل البيانات ثابتة الطول | 080818s2005 le||||| |||| 00| 0 ara d |
| 020 ## - الرقم الدولى المعيارى للكتب | |
| الرقم الدولى المعيارى للكتاب | 9953820236 |
| 082 ## - رقم تصنيف ديوى العشرى | |
| رقم التصنيف | 328 |
| رقم المادة | ق و ا |
| 110 ## - المدخل الرئيسى - إسم هيئة | |
| اسم الهيئة أو اسم السلطة كمدخل | Markaz Derasat Al Wehda Al Arabeya. |
| 9 (RLIN) | 16417 |
| 245 ## - بيان العنوان | |
| العنوان | قواعد النظام الديموقراطية: |
| بقية العنوان | قواعد روبرت التنظيمية للاجتماعات/ |
| بيان المسئوليه,etc | هنرى إم روبرت الثالث ...(وآخ)؛ ترجمة عبد الله بن حمد الحميدان |
| 260 ## - PUBLICATION, DISTRIBUTION, ETC. (IMPRINT) | |
| مكان الناشر او الموزع | بيروت: |
| اسم الناشر او الموزع | مركز دراسات الوحدة العربية، 2005 |
| تاريخ النشر أو التوزيع | 2005. |
| 300 ## - الوصف المادى | |
| التعداد | 607؛ص |
| أبعاد الوعاء | 24 سم |
| 500 ## - تبصرة عامة | |
| تبصرة عامة | |
| 511 ## - | |
| -- | Catalogued by: Sara |
| 541 ## - تبصرة المصدر المباشر للتزويد | |
| مصدر التزويد | مركز دراسات الوحدة العربية ؛ |
| طريقة التزويد | شراء ؛ |
| 942 ## - عناصر المدخل الإضافي( كوها) | |
| Koha [default] item type | Book - Borrowing |
| سابقة رقم الطلب | 328 ق و ا |
| مصدر التصنيف او مخطط الترفيف | Dewey Decimal Classification |
| حالة التراجع | حالة الفقد | مصدر التصنيف او خطة الترفيف | حالة تلف | ليس للاعارة | مجموعات كوها | المكان الدائم | المكان الحالي | موقع الترفيف | تاريخ الاكتساب | Source of acquisition | رقم الاستدعاء | الباركود | Date last seen | نوع الوعاء |
|---|---|---|---|---|---|---|---|---|---|---|---|---|---|---|
| Dewey Decimal Classification | مركز دراسات الوحدة العربية | Central Library | Central Library | First floor | 21/02/2011 | 328 ق و ا | 000006931 | 15/07/2025 | Book - Borrowing |